000 00509nam a2200169Ia 4500
008 140527s9999 xx 000 0 und d
020 _a9780737762389
050 _aPN 4756
_b.M353 2013
245 _aMedia ethics /
_cNoel Merino, book editor
260 _aFarmington Hills, MI :
_bGreenhaven Press,
_cc2013.
300 _a199 p. ;
_c23 cm.
440 _a(Current controversies series).
500 _aIncludes bibliographical references and index.
521 _aMA
942 _kFOR
_cBK
999 _c117491
_d117491